[Event "WCPL:Cardigan-White Knights:Tanygroes"]
[Site "?"]
[Date "2017.01.22"]
[Round "2.8"]
[White "Jones, Iolo C"]
[Black "Hewitt, William"]
[Result "1-0"]
[WhiteElo "2175"]
[BlackElo "2044"]
[Annotator "Rudy"]
[PlyCount "77"]
[EventDate "2017.01.22"]
[EventCountry "WLS"]
[SourceDate "2016.10.09"]

1. d4 Nf6 2. Nf3 g6 3. c4 Bg7 4. Nc3 d5 5. Bf4 O-O 6. e3 c5 7. Ne5 {rare} (7.
dxc5 {main}) 7... Nc6 (7... cxd4) (7... Be6) (7... Qa5) 8. Nxc6 (8. Qa4 cxd4 9.
Nxc6 bxc6 10. exd4 Qb6 11. O-O-O c5 {Erdyneev-Balkhanov, Buryatia ch , Ulan
Ude 2012,0-1}) 8... bxc6 9. Be5 Be6 {Fritz13} (9... Qb6 {Komodo10}) 10. cxd5 (
10. dxc5 dxc4 11. Qa4 Ne4 $11 {Komodo10}) 10... Bxd5 (10... Nxd5 $15 {Fritz13
& Komodo10}) 11. f3 Nd7 (11... cxd4 {both Engines}) 12. Bxg7 Kxg7 13. e4 cxd4
14. Qxd4+ (14. Ne2) 14... e5 15. Qa4 (15. Qe3 Be6 16. Kf2 $11 {both Engines})
15... Be6 $15 16. Be2 (16. O-O-O $5 {both Engines}) (16. Qxc6 Rb8 (16... Qa5
17. Bc4 $11) 17. Nd1 Rc8 18. Qa4 Nb6 19. Qa5 Qd4 20. Qd2 Qxd2+ 21. Kxd2 Rfd8+
22. Ke1 Rc2 $17 {Komodo10}) 16... Qb6 17. Qc2 a5 18. Na4 Qb4+ 19. Kf1 f5 (19...
Nb6 20. Nxb6 Qxb6 21. Qc3 f6 $15 {Komodo10}) 20. Qxc6 $11 Rae8 (20... fxe4 {
Fritz13} 21. Qxe6 exf3 22. gxf3 Qxa4 23. b3 Qd4 24. Rd1 $11 {Komodo10}) 21. a3
Qb3 (21... Qe7 {both Engines}) 22. Rd1 Nb8 (22... fxe4 23. Rxd7+ Bxd7 24. Qxd7+
Kh8 25. Kf2 exf3 26. gxf3 Rc8 27. Nc3 Qxb2 28. Ne4 Rc2 29. Qd3 Qd4+ 30. Qxd4
exd4 31. Rd1 Rd8 $11 {Komodo10}) 23. Qc7+ Kh6 (23... Bf7 $11 {both Engines})
24. Qc1+ (24. Nc5 $16 {Komodo10}) (24. exf5 Bxf5 25. Qxa5 $16 {Fritz13}) 24...
Kg7 (24... f4) 25. Nc5 Qb6 26. Nxe6+ (26. Qc3 $16 {both Engines}) 26... Rxe6
27. Bd3 (27. exf5 Rxf5 28. g4 $14 {Komodo10}) 27... Nc6 28. Bc4 (28. exf5 gxf5
29. Bc4 Rg6 30. b3 $11 {Komodo10}) 28... Re7 29. Bd5 (29. exf5 Nd4 30. Qe3 Qxb2
31. Bd3 Nxf5 32. Bxf5 Rxf5 33. h4 e4 34. Kg1 exf3 35. Qxe7+ Rf7 36. Qxf7+ Kxf7
37. gxf3 Qxa3 $15 {Komodo10}) 29... Nd4 $19 30. Rd3 Rb8 31. b3 fxe4 (31... Rc7
$1 {both Engines, looked at in pm analysis} 32. Qe1 (32. Rc3 Rbc8 33. Bc4 Nxb3
$19) 32... Qa6 $1 33. Bc4 Rxc4 34. bxc4 Qxc4 35. Qc3 Qxc3 36. Rxc3 Rb1+ 37. Kf2
Rxh1 $19 {Komodo10}) 32. Qg5 (32. Bxe4 Nxb3 $17) 32... Qd6 33. Bxe4 Qxa3 (33...
Rxb3 {Rudy} 34. Rxb3 Nxb3 35. Kf2 Qxa3 $15 {Komodo10}) (33... Rc7 34. g3 Qe6
35. Qg4 Qxg4 36. fxg4 Nxb3 37. Kg2 Nd4 $15 {Komodo10}) 34. Kf2 Qc5 (34... Rxb3
35. Rxb3 Nxb3 36. Rd1 Qc5+ 37. Kg3 $11 {komodo10}) 35. Rc1 Qd6 $2 (35... Qa7
$11) 36. Rc6 $18 Qd8 (36... Qd7) 37. Qf6+ Kh6 (37... Kg8 38. Rd6 $1 Qc7 39.
Bd5+ $18 {Komodo10}) 38. Bxg6 {looks crushing, but the Engines think otherwise}
(38. g4 $1 {both Engines} Re6 (38... Qf8 39. g5+ Kh5 40. Bxg6+ Kh4 41. Rxd4+
exd4 42. Qxd4+ Kxg5 43. Qg4+ Kh6 44. Qh4+ Kg7 45. Qxh7#) 39. Rxe6 Qxf6 40. Rxf6
Kg7 41. Ra6 $18) (38. f4 {also works} Rxb3 39. Rxb3 Nxb3 40. Rd6 Rd7 (40... Qc7
41. Bxg6 $18) 41. Qxd8 Rxd8 42. Rxd8 $18 {Komodo10}) 38... Re6 (38... Ra7 {
both Engines} 39. Be4+ Qxf6 40. Rxf6+ Kg7 41. Rd6 Nxb3 42. Rd7+ Rxd7 43. Rxd7+
Kf6 44. Bxh7 $14) 39. Rxe6 $18 1-0

[Event "WCPL:Cardigan-White Knights:Tanygroes"]
[Site "?"]
[Date "2017.01.22"]
[Round "2.9"]
[White "Young, Alan"]
[Black "Heap, Gerry"]
[Result "1-0"]
[WhiteElo "2020"]
[BlackElo "2084"]
[Annotator "Rudy"]
[PlyCount "85"]
[EventDate "2017.01.22"]
[EventCountry "WLS"]
[SourceDate "2016.10.09"]

1. e4 c5 2. Nf3 d6 3. d4 cxd4 4. Nxd4 Nf6 5. Nc3 e6 6. g4 h6 7. h3 (7. h4 {
alternative}) 7... Nc6 8. Bg2 Be7 9. Be3 a6 10. f4 Nxd4 {only in 3 internet
games by Mascarenhas, 2 draws & a loss} (10... Nd7 {main} 11. O-O O-O 12. Nce2
Nxd4 13. Nxd4 e5 14. Nf5 exf4 15. Bxf4 Ne5 {Svidler-Vachier Lagrave, Biel
Masters rapid 2016,0-1}) 11. Qxd4 Qa5 12. O-O (12. O-O-O $16 {played-looked at
in pm analysis} Nd7 13. h4 {Chytilek-Mascarenhas, ICCF corr 2000,1-0} (13. Kb1
O-O 14. g5 {Coleman-Mascarenhas, ICCF corr 2000, 1/2-1/2})) 12... e5 (12... Nd7
$11 {Komodo10}) 13. Qd2 exf4 (13... Be6 $14) 14. Bxf4 Be6 15. Nd5 Qxd2 16. Bxd2
Bxd5 (16... Bd8 $5) 17. exd5 Nd7 18. c4 Rc8 19. Rac1 O-O (19... Ne5 {is where
the N belongs}) 20. Bf4 Nc5 {b4 at some stage will dislodge the N} (20... Bg5
21. Bxd6 Be3+ 22. Kh2 Bxc1 23. Rxc1 Rfe8 24. Rc2 Nf6 $11 {Komodo10}) 21. Rf3
Rfd8 (21... Bg5 $11) 22. b4 Na4 23. Ra3 Nb6 24. Rac3 Bf6 (24... Na4 25. R3c2 b6
26. Bf3 Bf6 $11 {Komodo10}) 25. R3c2 Bd4+ 26. Kh1 Rd7 (26... g5 27. Bd2 Rc7 $11
{Komodo10}) 27. Rd1 $16 Bf6 28. c5 dxc5 (28... Rdd8) 29. bxc5 $18 Na4 30. Rdc1
Bb2 31. Rb1 (31. c6) 31... Ba3 32. c6 bxc6 33. dxc6 Rd4 34. Be5 (34. c7 Rxf4
35. Rb8 Nb6 36. Rxb6 Kh7 37. Bb7 Rg8 38. Rxa6 Be7 39. Ra8 $18 {Komodo10}) 34...
Rb4 35. Rxb4 Bxb4 36. Rc4 (36. c7 Nc5 37. Rxc5 Bxc5 38. Bb7) 36... a5 37. c7
Nb6 38. Rd4 Be7 39. Bb7 Rf8 40. Bd6 Re8 41. Re4 Kf8 42. Rxe7 Rxe7 43. Bc5 1-0

[Event "WCPL:Cardigan-White Knights:Tanygroes"]
[Site "?"]
[Date "2017.01.22"]
[Round "2.10"]
[White "Van Kemenade, Rudy"]
[Black "Garcia, Jason"]
[Result "0-1"]
[WhiteElo "1955"]
[BlackElo "2031"]
[Annotator "Rudy"]
[PlyCount "86"]
[EventDate "2017.01.22"]
[EventCountry "WLS"]
[SourceDate "2016.10.09"]

1. f4 d5 2. Nf3 g6 3. g3 Bg7 4. Bg2 Nh6 5. d3 d4 6. c4 (6. c3 {main} Nc6 (6...
Nf5 7. g4 Ne3 8. Bxe3 dxe3 9. h3 {Van Kemenade-Mertanen, EU cup Rhodes 2013,1/
2-1/2}) 7. O-O Nf5 8. Qe1 h5 9. Ng5 {Van Kemenade-S.Williams, Liverpool 2006,
0-1}) 6... O-O 7. O-O Nf5 8. Na3 c5 9. Nc2 Nc6 10. Qe1 (10. g4 Ne3 11. Bxe3
dxe3 12. Nxe3 Bxb2 13. Rb1 Bg7 14. f5 {Van Kemenade-Downey, WCPL2014,0-1}) (10.
Rb1 a5 11. a3 a4 12. b4 axb3 13. Rxb3 {Palermo-Pilnik, Buenos Aires 1973,1-0})
(10. Ng5 Qc7 11. Qe1 Nd6 12. b4 {Karlsson-Cramling,Stockholm 1990,1-0}) 10...
a5 11. g4 (11. a3 a4 12. Rb1 Ra6 13. Nd2 Bd7 14. Ne4 b6 15. h3 Nd6 16. Nxd6
exd6 17. Kh2 Na5 18. b4 axb3 19. Na1 Be6 20. g4 {Bilek-Langeweg, Amsterdam IBM
1968,0-1}) 11... Ne3 12. Bxe3 (12. Nxe3 dxe3 13. Bxe3 Bxg4 14. Bxc5 Rb8 15. Qg3
$11 {Komodo10}) 12... dxe3 13. Nxe3 (13. Qh4 {Komodo10} Nd4 (13... Bxb2 14. Ng5
$18) 14. Ncxd4 cxd4 15. Ng5 h6 16. Ne4 Qc7 17. f5 Ra6 $11 {Komodo10}) 13... Bd4
(13... a4 14. a3 Bxb2 15. Ra2 Bg7 16. Qh4 $11 {Komodo10}) 14. Nxd4 (14. Qf2 a4
(14... Bxg4 $2 15. Nxd4 $18) 15. Rab1 Bg7 $11 {Komodo10}) 14... cxd4 15. Nc2
Bxg4 16. h3 Bf5 17. Qf2 Qd7 18. Kh2 (18. Bxc6 bxc6 19. Qxd4 Bxh3 20. Qxd7 Bxd7
21. Kf2 $11 {Komodo10}) 18... Rfd8 19. Qg3 Rab8 20. Rab1 {Komodo10} (20. Rg1) (
20. h4) 20... Nb4 21. Ne1 $5 {aiming for the K side} (21. Nxb4 axb4 22. a3 $11)
21... b5 (21... Nxa2 22. Ra1 Nb4 (22... Qa4 23. Nf3 Qb3 24. Qf2 Qxb2 25. Rfb1
Qa3 26. Nxd4 $16) 23. Rxa5 b5 24. b3 f6 25. Nf3 Nc2 26. Rc1 Ne3 27. cxb5 $11 {
Komodo10}) 22. a3 Na6 23. cxb5 Rxb5 24. Nf3 f6 25. Nh4 (25. Rfc1) 25... Kf7 (
25... Be6 26. Nxg6 hxg6 27. Qxg6+ Kf8 28. Qh6+ $11) (25... Kg7 $5) 26. Nxf5 (
26. Rfc1) 26... Qxf5 27. Bc6 (27. Qh4 Kg7 28. Qg4 Rdb8 29. Rfc1 Rxb2 30. Qxf5
gxf5 31. Rxb2 Rxb2 32. Bf3 $11 {Komodo10}) 27... Rb6 28. Be4 Qd7 29. f5 g5 30.
Rfc1 (30. h4 {considered} Nc5 (30... h6 31. Qg4 Kg7 32. Qh5 Qe8 33. Qxe8 Rxe8
34. Rfc1 $11) 31. hxg5 fxg5 32. Qxg5 Qd6+ 33. Rf4 Rg8 34. Qh4 Nxe4 35. dxe4 Rg7
36. Kh1 d3 37. exd3 Qxd3 38. Rg1 Rxg1+ 39. Kxg1 Qd4+ 40. Kh1 Rxb2 $11 {Komodo10
}) 30... Rdb8 31. Rc2 (31. h4 $14 {Komodo10} Qd6 32. Qxd6 Rxd6 33. Kg3 h6 34.
Kg4) 31... Kg7 32. Qf3 (32. h4 h6 33. Qf3 Qd6+ 34. Kh1 Nc5 35. Qh5 Nxe4 36.
Qg6+ Kf8 37. dxe4 Qf4 38. Rbc1 Qxh4+ 39. Kg1 Rd8 40. Qh7 $11 {Komodo10}) 32...
Qd6+ 33. Kg2 (33. Qg3) 33... Nc5 34. Rbc1 Nxe4 35. Qxe4 Rxb2 (35... Rb5 36. Rc6
Qe5 37. Re6 Qxe4+ 38. Rxe4 Re5 39. Rxe5 fxe5 40. Rc5 Kf6 41. Rxa5 Rxb2 42. Kf3
Kxf5 43. Ra8 e4+ 44. dxe4+ Ke5 45. Ra5+ Kf6 46. e5+ Kf5 47. e6+ Kg6 48. Ra4
Rb3+ 49. Kg2 h5 50. Rxd4 Rxa3 $15 {Komodo10}) 36. Rc7 Kf7 37. R1c5 $2 {trying
to prevent Qe5 before playing Rc6} (37. R1c6 $1 Qe5 38. Qxe5 fxe5 39. Re6 {the
front e pawn gets in Bl's way} Rxe2+ (39... Re8 40. Rxe5 Ra2 41. Kf3 Rxa3 42.
Kg4 $14) 40. Kf1 Rh2 41. Rexe7+ Kf8 42. Rf7+ Kg8 43. Rg7+ $11 {Komodo10}) (37.
Ra7 {looks possible to take R away from c7} R8b5 $1 $19 {Komodo10} 38. Qe6+ (
38. Rcc7 Re5 $19) 38... Qxe6 39. fxe6+ Kxe6 40. Re1 Re5 41. Kf2 h5 $19) 37...
R8b5 $17 {missed} 38. R5c6 (38. R7c6 {best bet, when Bl may go wrong; Komodo10}
Rxc5 $1 (38... Qxc5 39. Qe6+ $1 Kf8 (39... Kg7 $2 40. Rxc5 Rxc5 41. Qxe7+ $18)
40. Qc8+ Kg7 41. Rxc5 Rxe2+ 42. Kf1 (42. Kf3 Rbb2 $11) 42... Rbb2 43. Qa8 Rbd2
44. Rc1 $16 {Komodo10}) 39. Rxd6 Re5 $1 (39... exd6 40. Qe6+ Kg7 41. Qe7+ $11)
40. Re6 (40. Rxd4 Rxe2+ 41. Kf3 R2xe4 42. dxe4 h5 $17) (40. Qxd4 Rbxe2+ 41. Kf1
exd6 42. Qxd6 R2e3 43. Qc7+ Re7 44. Qxa5 Rxd3 45. h4 gxh4 46. Qb4 Rf3+ 47. Kg2
Rxf5 48. Qxh4 $17 {Bl has good winning chances as the a pawn will never get
passed the Rs}) 40... Rxe4 41. Rxe4 Ra2 42. Kf2 Rxa3 43. Rxd4 a4 $17 {but Wh
has drawing chances with the R going to the a file}) 38... Qe5 39. Rc2 (39. Re6
{in the plan, fails to} Qxc7) 39... Qxe4+ 40. dxe4 R5b3 $19 {Wh has too many
weak pawns} (40... R2b3 $19) 41. Rxb2 Rxb2 42. Rd7 (42. Kf1 Rb3 43. h4 gxh4 44.
Rd7 h3 45. Kg1 a4 46. Kh2 Rxa3 47. Rxd4 h5 $19 {Komodo10}) 42... Rxe2+ 43. Kf1
Rxe4 {Bl has too many pawns} 0-1

[Event "WCPL:Cardigan-White Knights:Tanygroes"]
[Site "?"]
[Date "2017.01.22"]
[Round "2.12"]
[White "Haigh, Tony"]
[Black "Bevan, Peter M"]
[Result "1/2-1/2"]
[WhiteElo "1822"]
[BlackElo "1944"]
[Annotator "Rudy"]
[PlyCount "103"]
[EventDate "2017.01.22"]
[EventCountry "WLS"]
[SourceDate "2016.10.09"]

1. d4 Nf6 2. Bg5 d5 3. c4 e6 4. Nc3 Nbd7 5. e3 Be7 6. cxd5 exd5 7. Bd3 O-O 8.
Nf3 c6 9. O-O Re8 10. Qc2 h6 (10... Nf8 {main}) 11. Bh4 Ne4 12. Bxe7 Qxe7 13.
b4 (13. Rab1) (13. Bxe4) 13... Ndf6 14. b5 c5 15. dxc5 Nxc5 16. Be2 (16. Rac1 {
main}) 16... Be6 (16... Bg4 17. Nd4 Bxe2 18. Qxe2 Rac8 {Keene-Rodriguez
Cordoba, Skopje ol 1972, draw agreed}) 17. Qb2 Nce4 (17... Rac8 18. a4 Nce4 19.
Rac1 Nxc3 20. Rxc3 Rxc3 21. Qxc3 Rc8 22. Qd4 Qc5 {Kuzmin-Yeritsyan, RUS ch tm
U20 Kolomna 2014,1/2-1/2}) 18. Rac1 Rac8 19. Nd4 $11 Nxc3 20. Rxc3 Rxc3 21.
Qxc3 Rc8 22. Qb2 Qc7 23. Bd3 (23. Qa3 Qc5 24. Qxc5 Rxc5 25. f3 $11 {Komodo10})
23... Ng4 24. g3 (24. Nf3 Qc3 25. Qb1 Ne5 26. Bh7+ Kh8 27. Nd4 $11 {Komodo10})
24... Ne5 25. Bb1 (25. Qb1 Nxd3 26. Qxd3 Bh3 27. Rd1 Qc3 28. f3 $11 {Komodo10})
25... Bh3 $15 26. Rd1 Bg4 27. Re1 Qc3 28. Qxc3 Rxc3 29. Kg2 $11 Nc4 30. h3 Bd7
31. Re2 Na3 32. Rb2 g6 33. b6 (33. Bc2 Kf8 34. Bd1 Ke7 35. Bf3 Kd6 36. Rd2 $11
{Komodo10}) 33... a6 34. Bc2 Nxc2 35. Rxc2 Rxc2 36. Nxc2 a5 37. h4 Kf8 38. Nd4
(38. Kf3 Ke7 39. Kf4 f6 $15) 38... a4 (38... Ke7) 39. Kf3 Ke7 40. Nc2 (40. Ke2
Kd6 41. Kd3 Kc5 42. Kc3 Kxb6 43. Kb4 $11 {kOmodo10}) 40... Kd6 41. Nb4 Kc5 42.
a3 Be6 (42... Bb5 $17 {Komodo10}) 43. Ke2 Kxb6 44. Kd3 Kc5 45. Kc3 Bf5 46. f3
h5 47. f4 (47. Na2 Bh3 48. Nb4 Bg2 49. Nd3+ Kd6 50. Ne1 Bf1 51. Nc2 $15) 47...
Be4 $19 (47... Bb1 $19 48. Kb2 Be4 49. Kc3 Bf5 50. Na2 d4+ 51. exd4+ Kd5 52.
Nb4+ Ke4 {Komodo10 & Bl gets the K side pawns}) 48. Na2 Bg2 (48... Bb1 49. Nb4
Bf5 50. Na2 d4+ $19) 49. Nb4 Be4 50. Na2 Bf3 51. Nb4 Be4 {Bl could have
claimed a 3 fold repetition before making the move} 52. Na2 1/2-1/2

[Event "WCPL:Cardiff-The Vale"]
[Site "?"]
[Date "2017.01.22"]
[Round "2.13"]
[White "Kett, Tim"]
[Black "Bullen, Alex"]
[Result "0-1"]
[WhiteElo "2209"]
[BlackElo "2105"]
[PlyCount "76"]
[EventDate "2017.01.26"]
[EventCountry "WLS"]
[SourceDate "2016.10.09"]

1. e4 c6 2. d4 d5 3. e5 Bf5 4. Nf3 e6 5. Be2 c5 6. O-O Nc6 7. c3 cxd4 8. cxd4 (
8. Nxd4 Nxd4 9. cxd4 Ne7 10. Nc3 Nc6 11. g4 Bg6 12. f4 f5 13. exf6 Qxf6 14. f5
exf5 15. Nxd5 Qxd4+ 16. Be3 Qxd1 17. Raxd1 O-O-O 18. gxf5 Bf7 $14) 8... Nge7 9.
Nc3 Nc8 10. Be3 Be7 11. Qd2 O-O 12. Rad1 Nb6 13. h3 Rc8 14. Bg5 f6 (14... Nxd4
15. Nxd4 Bxg5 $15) 15. exf6 Bxf6 16. Bxf6 Qxf6 17. Qe3 Qe7 18. Rfe1 Nb4 19. Qe5
Nd7 20. Qg3 Nf6 21. Qh4 Nc2 22. Rf1 Qb4 23. Nb5 a6 24. a3 Qe7 25. Nc3 Nxa3 26.
Ne5 Nc4 27. Nxc4 dxc4 28. Bf3 b5 29. Rfe1 Rcd8 30. g4 Bd3 31. g5 Ne8 32. Bg4
Nc7 33. Be2 Rf5 34. Ne4 Bxe4 35. Qxe4 Qxg5+ 36. Kf1 Rdf8 37. f3 Qg3 38. Qg4
Rxf3+ 0-1

[Event "WCPL:Cardiff-The Vale"]
[Site "?"]
[Date "2017.01.22"]
[Round "2.14"]
[White "Brown, Thomas"]
[Black "Ralphs, Nigel"]
[Result "1-0"]
[WhiteElo "2065"]
[BlackElo "2059"]
[PlyCount "71"]
[EventDate "2017.01.26"]
[EventCountry "WLS"]
[SourceDate "2016.10.09"]

1. d4 d5 2. Bg5 c6 3. Nf3 h6 4. Bh4 Bf5 5. Nbd2 Qb6 6. Rb1 e6 7. e3 Be7 8. Bxe7
Nxe7 9. Bd3 Bxd3 10. cxd3 O-O 11. b4 Nd7 12. a4 Qc7 13. O-O f6 14. Qb3 Qd6 15.
a5 a6 16. Qc2 Rf7 17. Nb3 Ng6 18. Nc5 Ndf8 19. Rfe1 Nh7 20. h4 Ngf8 21. Qd2 g5
22. e4 g4 23. e5 Qd8 24. Nh2 f5 25. Qxh6 Qe7 26. g3 Rg7 27. Nf1 Rg6 28. Qf4 Kg7
29. Ne3 Rh6 30. Nxe6+ Qxe6 31. Nxf5+ Kh8 32. Nxh6 Ng6 33. Qf7 Qxf7 34. Nxf7+
Kg7 35. Nd6 Rb8 36. Nf5+ 1-0

[Event "WCPL:Cardiff-The Vale"]
[Site "?"]
[Date "2017.01.22"]
[Round "2.15"]
[White "Davis, Lee"]
[Black "Fathallah, Joe"]
[Result "1/2-1/2"]
[WhiteElo "1921"]
[BlackElo "1995"]
[PlyCount "64"]
[EventDate "2017.01.26"]
[EventCountry "WLS"]
[SourceDate "2016.10.09"]

1. d4 f5 2. Nf3 Nf6 3. g3 g6 4. Bg2 Bg7 5. O-O O-O 6. c4 d6 7. Nc3 c6 8. d5 e5
9. dxe6 Bxe6 10. b3 Na6 11. Bb2 Qc7 12. Rc1 Rad8 13. e3 Nc5 14. Qe2 Rfe8 15.
Ng5 Bc8 16. b4 Nce4 17. Ncxe4 Nxe4 18. Nxe4 fxe4 19. Rfd1 b6 20. Bxg7 Kxg7 21.
Rd4 Bf5 22. c5 bxc5 23. bxc5 dxc5 24. Rxd8 Rxd8 25. g4 Be6 26. Bxe4 Qd7 27. Bf3
c4 28. Qc2 Bd5 29. Rd1 Qf7 30. Bg2 Rf8 31. Bxd5 cxd5 32. Rd4 Rb8 1/2-1/2

[Event "WCPL:Cardiff-The Vale"]
[Site "?"]
[Date "2017.01.22"]
[Round "2.16"]
[White "Jones, Derek"]
[Black "Heaven, Peter"]
[Result "1-0"]
[WhiteElo "1900"]
[BlackElo "2043"]
[PlyCount "81"]
[EventDate "2017.01.26"]
[EventCountry "WLS"]
[SourceDate "2016.10.09"]

1. c4 e5 2. g3 Nc6 3. Bg2 f5 4. Nc3 Nf6 5. e3 e4 6. d3 Bb4 7. Nge2 O-O 8. O-O
Bxc3 9. Nxc3 exd3 10. Qxd3 d6 11. b3 Bd7 12. Bb2 Ne5 13. Qc2 Qe8 14. Nd5 Nxd5
15. cxd5 Rc8 16. h3 Qh5 17. f4 Ng6 18. Qc3 Rf7 19. Rf2 Ne7 20. Qd4 b6 21. Rc1
Qg6 22. Kh2 c5 23. dxc6 Nxc6 24. Qa4 b5 25. Qa6 Ne7 26. Rxc8+ Bxc8 27. Qxa7 h5
28. Rc2 h4 29. gxh4 Kh7 30. Bf3 Qe6 31. Qd4 Qh6 32. h5 Qe6 33. Rg2 Rf6 34. Qd2
Rf7 35. Rg5 Qh6 36. Bd5 Nxd5 37. Qxd5 Rc7 38. Kg3 Re7 39. Kh4 Kh8 40. Rg6 Qh7
41. Qxd6 1-0

[Event "WCPL:Cardiff-The Vale"]
[Site "?"]
[Date "2017.01.22"]
[Round "2.17"]
[White "Thomas, Ben"]
[Black "Sivarajasingam, Venetia"]
[Result "1-0"]
[WhiteElo "1929"]
[BlackElo "1668"]
[PlyCount "71"]
[EventDate "2017.01.26"]
[EventCountry "WLS"]
[SourceDate "2016.10.09"]

1. e4 e6 2. d4 d5 3. exd5 exd5 4. Be3 Bd6 5. Nf3 Nc6 6. Be2 Nge7 7. O-O Bg4 8.
c3 Qd7 9. Nbd2 O-O-O 10. b4 Rde8 11. Nb3 Bxf3 12. Bxf3 b6 13. a4 f5 14. a5 h6
15. Qd3 g5 16. Qa6+ Kb8 17. Rfb1 g4 18. Be2 f4 19. Nc5 Qc8 20. axb6 Qxa6 21.
bxc7+ Kxc7 22. Nxa6+ Kb6 23. b5 Nd8 24. Bd2 h5 25. c4 dxc4 26. Bxc4 Nb7 27. Nb4
Bxb4 28. Bxb4 Nf5 29. Ra6+ Kc7 30. Rxa7 Nxd4 31. Bd5 Rb8 32. Ba5+ Kc8 33. Rc1+
Kd7 34. Rc7+ Kd6 35. Bxb7 Rhe8 36. Rh7 1-0

[Event "WCPL:Cardiff-The Vale"]
[Site "?"]
[Date "2017.01.22"]
[Round "2.18"]
[White "Sivarajasingam, Shayanna"]
[Black "Taylor, Robert Graham"]
[Result "1-0"]
[WhiteElo "1709"]
[BlackElo "1955"]
[PlyCount "75"]
[EventDate "2017.01.26"]
[EventCountry "WLS"]
[SourceDate "2016.10.09"]

1. e4 c5 2. Nf3 Nc6 3. Bb5 e6 4. c4 d6 5. Nc3 Qc7 6. O-O Bd7 7. d4 cxd4 8. Nxd4
Nf6 9. f3 Be7 10. Be3 O-O 11. Rc1 a6 12. Ba4 Rac8 13. Nd5 exd5 14. cxd5 Qb8 15.
dxc6 bxc6 16. Bxc6 Qxb2 17. Bxd7 Nxd7 18. Nf5 Bf6 19. Qxd6 Ne5 20. Rxc8 Rxc8
21. Qxa6 Re8 22. a4 g6 23. Nd6 Re6 24. Qc8+ Kg7 25. Ne8+ Rxe8 26. Qxe8 Nc4 27.
Bf2 Nd2 28. Re1 Nc4 29. Qb5 Qc3 30. Qc5 Qd3 31. e5 Bg5 32. Qd4 Qxd4 33. Bxd4
Kf8 34. e6 fxe6 35. Rxe6 Bd2 36. Bc5+ Kg8 37. Re4 Na5 38. Bb4 1-0

[Event "WCPL:Cardigan-Cardiff"]
[Site "?"]
[Date "2017.03.12"]
[Round "3.1"]
[White "Toczek, Grzegorz"]
[Black "Williams, A. Howard"]
[Result "1/2-1/2"]
[WhiteElo "2251"]
[BlackElo "2284"]
[PlyCount "74"]
[EventDate "2017.03.12"]
[EventCountry "WLS"]
[SourceDate "2016.10.09"]

1. d4 Nf6 2. c4 e6 3. g3 d5 4. Bg2 Be7 5. Nf3 O-O 6. O-O dxc4 7. Qa4 a6 8. Qxc4
b5 9. Qc2 Bb7 10. Bf4 Nc6 11. Rd1 Nb4 12. Qc1 Nbd5 13. Nbd2 c5 14. dxc5 Nxf4
15. gxf4 Qc7 16. Nb3 Rac8 17. Ne5 Bxg2 18. Kxg2 Bxc5 19. Nxc5 Qxc5 20. Qxc5
Rxc5 21. Rac1 Rxc1 22. Rxc1 Nd5 23. Kf3 f6 24. Nd3 e5 25. Rc6 Re8 26. e4 Nxf4
27. Nxf4 exf4 28. Rxa6 b4 29. h4 Kf7 30. h5 g5 31. Ra7+ Re7 32. Ra6 h6 33. Rb6
Ra7 34. Rxb4 Rxa2 35. Rb6 Ra4 36. Rb7+ Ke6 37. Rb6+ Kf7 1/2-1/2

[Event "WCPL:Cardigan-Cardiff"]
[Site "?"]
[Date "2017.03.12"]
[Round "3.2"]
[White "Jones, Iolo C"]
[Black "Bullen, Alex"]
[Result "1/2-1/2"]
[WhiteElo "2198"]
[BlackElo "2091"]
[PlyCount "160"]
[EventDate "2017.03.12"]
[EventCountry "WLS"]
[SourceDate "2016.10.09"]

1. d4 d5 2. Nf3 Nf6 3. c4 e6 4. Nc3 Nbd7 5. cxd5 exd5 6. g3 c6 7. Bg2 Bd6 8.
O-O O-O 9. Qc2 Re8 10. Nh4 Nb6 11. Nf5 Bf8 12. Ne3 Ng4 13. Nxg4 Bxg4 14. e3 Qd7
15. b3 Bh3 16. a4 Bxg2 17. Kxg2 a5 18. Ba3 Bxa3 19. Rxa3 Re6 20. h3 Rc8 21. Ne2
c5 22. dxc5 Rec6 23. Nd4 Rxc5 24. Qd2 Qe7 25. Raa1 Qe4+ 26. Kg1 Nd7 27. Rac1 g6
28. Rxc5 Rxc5 29. f3 Qe7 30. Rc1 b6 31. Kg2 Rxc1 32. Qxc1 Qc5 33. Qxc5 bxc5 34.
Nc6 Nb6 35. Kf2 c4 36. bxc4 dxc4 37. Nxa5 c3 38. Ke2 Nxa4 39. Kd3 Kg7 40. Kc2
Kf6 41. Kb3 Nb2 42. Kxc3 Nd1+ 43. Kd2 Nf2 44. h4 g5 45. Ke2 Nh1 46. hxg5+ Kxg5
47. g4 h5 48. gxh5 Ng3+ 49. Kd3 Nxh5 50. Nc4 Kf6 51. Nd6 Ke6 52. Ne4 Ng7 53.
Ng5+ Ke7 54. Ke4 f6 55. Nh3 Ne6 56. f4 Ng7 57. f5 Nh5 58. Kf3 Ng7 59. Kg4 Ne8
60. Nf4 Nd6 61. Nd5+ Kf7 62. Kf4 Nc4 63. e4 Ne5 64. Ke3 Ng4+ 65. Kd4 Ne5 66.
Ne3 Ke7 67. Nc4 Ng4 68. Kd5 Nh6 69. Ne3 Nf7 70. Nc4 Nh6 71. Na5 Ng4 72. Nc6+
Kd7 73. Nd4 Ne5 74. Ne6 Ke7 75. Nf4 Ng4 76. Ng6+ Kd7 77. e5 Nxe5 78. Nxe5+ fxe5
79. f6 e4 80. Kxe4 Ke6 1/2-1/2

[Event "WCPL:Cardigan-Cardiff"]
[Site "?"]
[Date "2017.03.12"]
[Round "3.3"]
[White "Brown, Thomas"]
[Black "Heap, Gerry"]
[Result "1/2-1/2"]
[WhiteElo "2059"]
[BlackElo "2086"]
[PlyCount "44"]
[EventDate "2017.03.12"]
[EventCountry "WLS"]
[SourceDate "2016.10.09"]

1. d4 Nf6 2. c4 e6 3. Nc3 Bb4 4. Qc2 O-O 5. Nf3 d5 6. cxd5 exd5 7. Bg5 h6 8.
Bxf6 Qxf6 9. e3 c5 10. dxc5 Nd7 11. O-O-O Bxc3 12. Qxc3 Qxc3+ 13. bxc3 Nxc5 14.
Bd3 Bd7 15. Bc2 Rac8 16. Ne5 Be6 17. Kb2 Rc7 18. f3 Rfc8 19. Rc1 b5 20. Rhd1
Nd7 21. Nxd7 Rxd7 22. Bb3 Rc5 1/2-1/2